| 000 | 00356nam a2200133Ia 4500 | ||
|---|---|---|---|
| 008 | 190216s9999||||xx |||||||||||||| ||und|| | ||
| 100 | _aV.S .madhavan | ||
| 245 | 0 | _a"Mechanics,Properties Of Matter, Relativity & Waves" | |
| 250 | _a4th Ed. | ||
| 260 |
_bCalicut University Central Co-Operative _c2006 |
||
| 300 | _a516 | ||
| 650 | _aPhysics | ||
| 942 | _cBK | ||
| 999 |
_c34663 _d34663 |
||